Konkurencieschopnosť v digitálnom veku na príklade Apple ako modelu inovačného lídra

Cieľom tohto príspevku je preskúmať, ako inovačné stratégie spoločnosti Apple prispievajú k budovaniu a udržiavaniu konkurenčnej výhody na globálnom technologickom trhu. Osobitná pozornosť je venovaná prepojeniu medzi inováciami, zákazníckou lojalitou a vnímaním značky Apple ako technologického lídr...

Descrizione completa

Salvato in:
Dettagli Bibliografici
Autore principale: Jankaj, Frederik, 1997-
Natura: Capitolo di libro
Lingua:slovacco
Soggetti:
Tags: Aggiungi Tag
Nessun Tag, puoi essere il primo ad aggiungerne!!

MARC

LEADER 00000naa a2200000 4500
001 0314578
005 20260128091511.5
041 0 |a slo 
044 |a SK 
245 1 0 |a Konkurencieschopnosť v digitálnom veku na príklade Apple ako modelu inovačného lídra  |c Frederik Jankaj 
520 |a Cieľom tohto príspevku je preskúmať, ako inovačné stratégie spoločnosti Apple prispievajú k budovaniu a udržiavaniu konkurenčnej výhody na globálnom technologickom trhu. Osobitná pozornosť je venovaná prepojeniu medzi inováciami, zákazníckou lojalitou a vnímaním značky Apple ako technologického lídra. 
610 2 0 |a konkurencieschopnosť 
610 2 0 |a inovácie technologické 
610 2 0 |a transformácia digitálna 
610 2 0 |a inteligencia umelá 
610 2 0 |a lojálnosť zákazníkov 
100 1 |a Jankaj, Frederik, 1997-